000 nam a22 7a 4500
999 _c44315
_d44315
003 OSt
005 20180907101947.0
008 180907b xxu||||| |||| 00| 0 eng d
040 _cIIMT UNIVERSITY
100 _aUPADHYAY A.K
245 _aTRANSPORTATION ENGINEERING
250 _a2018
260 _aKATSON PUB
_bDELHI
_c2018
300 _a349
942 _2ddc
_c02